Fundamentals of wireless networking / (Record no. 7309)

MARC details
000 -LEADER
fixed length control field 00912cam a22001814a 4500
020 ## - INTERNATIONAL STANDARD BOOK NUMBER
ISBN 0072256680 (alk. paper)
020 ## - INTERNATIONAL STANDARD BOOK NUMBER
ISBN 9780072256680
050 00 - CALL NUMBER
Classification number TK5105.78
Item number .P75
100 1# - AUTHOR
Personal name Price, Ron,
245 10 - TITLE
Title Fundamentals of wireless networking /
Statement of responsibility, etc Ron Price.
260 ## - PUBLICATION INFORMATION
Place of publication New York :
Name of publisher McGraw Hill/Irwin,
Year of publication c2007.
300 ## - DESCRIPTION
Number of Pages xxvii, 641 p. :
Other physical details ill. ;
Dimensions 24 cm.
500 ## - NOTES
General note Includes index.
505 ## - FORMATTED CONTENTS NOTE
Table of Content Introduction to wireless networks --<br/>Wireless network architectures --<br/>Wireless network devices --<br/>RF communications --<br/>Wireless LAN standards --<br/>Infrared devices --<br/>Bluetooth --<br/>Wireless LAN planning and design --<br/>Wireless LAN configuration and installation planning --<br/>Antennas and cables --<br/>Wireless LAN security --<br/>SOHO and Enterprise WLANs --<br/>Troubleshooting wireless devices --<br/>Wireless WANs --
650 #0 - SUBJECTS
Topical Term Wireless LANs.
650 #0 - SUBJECTS
Topical Term Wireless communication systems.
942 ## - ADDED ENTRY ELEMENTS (KOHA)
Koha item type Books
Holdings
Withdrawn status Lost status Home library Current library Shelving location Date acquired Full call number Accession Number Koha item type Collection code
    Methodist University Library Main Methodist University Library Main General Stacks 21/05/2010 TK5105.78 .P75 31327 Books  
    Methodist University Library Main Methodist University Library Main General Stacks 21/05/2010 TK5105.78 .P75 31329 Books Reference
    Methodist University Library Main Methodist University Library Main General Stacks 21/05/2010 TK5105.78 .P75 31325 Books  
Copyright © 2026  MUG Library